|
|
|
|
| LEADER |
00000nam0a2200000 4500 |
| 001 |
81146 |
| 005 |
20231101213143.0 |
| 010 |
|
|
|a 5865471813
|
| 035 |
|
|
|a (RuTPU)RU\TPU\book\87242
|
| 090 |
|
|
|a 81146
|
| 100 |
|
|
|a 20050916d2000 m y0rusy50 ca
|
| 101 |
0 |
|
|a rus
|
| 102 |
|
|
|a RU
|
| 105 |
|
|
|a a j 001zy
|
| 200 |
1 |
|
|a Поговорим? Пособие по разговорной практике. Продвинутый этап
|e учебное пособие
|f Т. И. Попова, Е. Е. Юрков
|
| 205 |
|
|
|a 2-е изд., испр.
|
| 210 |
|
|
|a Санкт-Петербург
|c Златоуст
|d 2000
|
| 215 |
|
|
|a 155 с.
|c ил.
|
| 320 |
|
|
|a Словарь: с. 148-155
|
| 330 |
|
|
|a Настоящее пособие предназначено для иностранцев, изучающих русский язык на продвинутом этапе обучения и желающих лучше понимать со слуха и использовать русскую разговорную речь. Может использоваться при подготовке к сдаче экзаменов по аудированию и говорению II сертификационного уровня (ТРКИ—2).
|
| 606 |
|
|
|a Русский язык
|x Для других народов
|x Учебные руководства и пособия
|2 stltpush
|3 (RuTPU)RU\TPU\subj\26400
|9 50340
|
| 610 |
1 |
|
|a русский язык
|
| 610 |
1 |
|
|a лексика
|
| 610 |
1 |
|
|a разговорная речь
|
| 610 |
1 |
|
|a упражнения
|
| 610 |
1 |
|
|a учебные пособия
|
| 610 |
1 |
|
|a русский язык для иностранцев
|
| 610 |
1 |
|
|a русский язык как иностранный
|
| 686 |
|
|
|a Ш141.2-96
|v LBC/SL-A
|2 rubbk
|
| 700 |
|
1 |
|a Попова
|b Т. И.
|
| 701 |
|
1 |
|a Юрков
|b Е. Е.
|
| 801 |
|
1 |
|a RU
|b 63413507
|c 20050916
|g PSBO
|
| 801 |
|
2 |
|a RU
|b 63413507
|c 20220425
|g PSBO
|
| 942 |
|
|
|c BK
|
| 959 |
|
|
|a 75/20050916
|d 15
|e 150
|f НФ:15
|